Proceedings of the first Kerala science congress (Record no. 252492)
[ view plain ]
| 000 -LEADER | |
|---|---|
| fixed length control field | 00376nam a2200145Ia 4500 |
| 008 - FIXED-LENGTH DATA ELEMENTS--GENERAL INFORMATION | |
| fixed length control field | 150909s9999 xx 000 0 und d |
| 041 ## - LANGUAGE CODE | |
| Language code of text/sound track or separate title | English |
| 082 ## - DEWEY DECIMAL CLASSIFICATION NUMBER | |
| Item number | PRO/1 |
| 100 ## - MAIN ENTRY--PERSONAL NAME | |
| Personal name | Balakrishnan Nair N |
| 100 ## - MAIN ENTRY--PERSONAL NAME | |
| Relator term | Compiler |
| 245 ## - TITLE STATEMENT | |
| Title | Proceedings of the first Kerala science congress |
| 260 ## - PUBLICATION, DISTRIBUTION, ETC. (IMPRINT) | |
| Name of publisher, distributor, etc. | Department of science and technology |
| 260 ## - PUBLICATION, DISTRIBUTION, ETC. (IMPRINT) | |
| Date of publication, distribution, etc. | 1989 |
| 942 ## - ADDED ENTRY ELEMENTS (KOHA) | |
| Koha item type | Books (General) |
| Withdrawn status | Lost status | Damaged status | Not for loan | Home library | Current library | Date acquired | Total Checkouts | Full call number | Barcode | Date last seen | Price effective from | Koha item type |
|---|---|---|---|---|---|---|---|---|---|---|---|---|
| College of Agriculture, Vellanikkara | College of Agriculture, Vellanikkara | 03/03/2022 | SR500 PRO/1 | KAU-COA-G-957 | 16/09/2015 | 16/09/2015 | Books (General) |
